00457pab a2200169 454500008004000000100001600040245004900056260000900105300001500114362000800129650002600137650001800163650003100181650002300212700001900235773003300254180718b2007 xxu||||| |||| 00| 0 eng d aKim, Haejin aThe Korean economic crisis and working women c2007 ap.190-208. aMay aWomen workers - Korea aWomen - Korea aEconomic recession - Korea aEconomic recession aVoos, Paula B. aJournal of Contemporary Asia